Vista normal
Vista MARC
Entrada Personal Name
Número de registros utilizados en: 1
001 - CONTROL NUMBER
- control field: 17997
003 - CONTROL NUMBER IDENTIFIER
- control field: LC
005 - DATE AND TIME OF LATEST TRANSACTION
- control field: 20260408103831.0
008 - FIXED-LENGTH DATA ELEMENTS
- fixed length control field: 260408|| aca||aabn | a|a d
010 ## - LIBRARY OF CONGRESS CONTROL NUMBER
- LC control number: 79059786
040 ## - CATALOGING SOURCE
- Original cataloging agency: Mx-DLC
- Language of cataloging: spa
- Transcribing agency: Mx-PuUPA
- Modifying agency: DLC
- Modifying agency: InU
- Modifying agency: OCl
- Modifying agency: Mx-PuUPA
- Description conventions: rda
046 ## - SPECIAL CODED DATES
- Source of date scheme: edtf
- Birth date: 1789
- Death date: 1851
100 1# - HEADING--PERSONAL NAME
- Personal name: Cooper, James Fenimore
- Dates associated with a name: 1789 y 1851
370 ## - ASSOCIATED PLACE
- Associated country: Estados Unidos
374 ## - OCCUPATION
- Occupation: autor
375 ## - GENDER
- Gender: hombre
377 ## - ASSOCIATED LANGUAGE
- Language code: eng
400 1# - SEE FROM TRACING--PERSONAL NAME
- Personal name: Cooper, J. Fenimore
- Dates associated with a name: 1789-1851
- Fuller form of name: (James Fenimore)
670 ## - SOURCE DATA FOUND
- Source citation: La pradera, 1827 [ed. de París]: ‡b
- Information found: tp (el autor de Los pioneros, El último mohicano, etc.)
670 ## - SOURCE DATA FOUND
- Source citation: La pradera, 1827 [edición de Londres]:
- Information found: página del título (el autor de El espía, El piloto, etc.)